[Event "ChessOrg-Schachfestival 2022-Senioren"]
[Site "Bad Woerishofen"]
[Date "2022.03.12"]
[Round "2.49"]
[White "Budde, Reinhard"]
[Black "Bertram, Marina"]
[Result "1/2-1/2"]
[WhiteElo "1630"]
[BlackElo "1304"]
[PlyCount "50"]
[EventDate "2022.??.??"]
[WhiteTeam "SG Enger-Spenge"]
[BlackTeam "SF Bad Lausick"]

1. e4 e5 2. Nf3 Nc6 3. Bb5 d6 4. h3 Nf6 5. d3 a6 6. Ba4 b5 7. Bb3 d5 8. exd5
Nxd5 9. O-O Be7 10. Re1 Bf6 11. Nbd2 O-O 12. Ne4 Nd4 13. Nxf6+ Nxf6 14. Nxd4
exd4 15. Bg5 Bb7 16. Qd2 Qd6 17. Qf4 Qc6 18. f3 Nd5 19. Qxd4 Qd6 20. Qf2 h6 21.
Bh4 Nf4 22. Bg3 Rae8 23. Bh2 Qf6 24. Rxe8 Rxe8 25. Bxf4 Qxf4 1/2-1/2

[Event "ChessOrg-Schachfestival 2022-Senioren"]
[Site "Bad Woerishofen"]
[Date "2022.03.13"]
[Round "3.1"]
[White "Keller, Harald"]
[Black "Kierzek, Matthias"]
[Result "1/2-1/2"]
[WhiteElo "2041"]
[BlackElo "2209"]
[PlyCount "109"]
[EventDate "2022.??.??"]
[WhiteTeam "SV Rottweil"]
[BlackTeam "SC Fulda"]

1. e4 c6 2. d4 d5 3. e5 Bf5 4. Nd2 e6 5. Nb3 Nd7 6. Nf3 c5 7. dxc5 Bxc5 8. Nxc5
Nxc5 9. Bb5+ Nd7 10. Bxd7+ Qxd7 11. O-O Ne7 12. c3 O-O 13. Nd4 Rac8 14. Be3 a6
15. h4 h6 16. g4 Bh7 17. h5 f5 18. exf6 Rxf6 19. g5 hxg5 20. Bxg5 Rf7 21. Re1
Be4 22. f3 Bxf3 23. Nxf3 Nc6 24. Qe2 e5 25. Nxe5 Nxe5 26. Qxe5 Qg4+ 27. Kh1
Qxh5+ 28. Kg1 Qg4+ 29. Kh1 Qf3+ 30. Kh2 Rc4 31. Re3 Qh5+ 32. Kg1 Rg4+ 33. Rg3
Rh4 34. Qe8+ Kh7 35. Bxh4 Rf1+ 36. Rxf1 Qxe8 37. Bg5 Qe5 38. Kg2 Qe4+ 39. Kg1
d4 40. cxd4 Qxd4+ 41. Rf2 Qd1+ 42. Kh2 Qd6 43. Bd2 b5 44. Bc3 g5 45. Rf7+ Kg8
46. Rg7+ Kf8 47. R7xg5 b4 48. Be5 Qh6+ 49. Kg2 Qc6+ 50. Rf3+ Ke8 51. Kg3 Qc1
52. Rg7 Qg1+ 53. Kf4 Qc1+ 54. Kf5 Qc2+ 55. Kf4 1/2-1/2

[Event "ChessOrg-Schachfestival 2022-Senioren"]
[Site "Bad Woerishofen"]
[Date "2022.03.13"]
[Round "3.2"]
[White "Koehler, Gerhard"]
[Black "Fiedler, Wolfgang"]
[Result "1/2-1/2"]
[WhiteElo "2208"]
[BlackElo "2017"]
[PlyCount "110"]
[EventDate "2022.??.??"]
[WhiteTeam "USV Halle"]
[BlackTeam "SK Zirndorf e.V."]

1. c4 g6 2. Nc3 Bg7 3. d4 d6 4. e4 Nc6 5. d5 Nb8 6. Nf3 e5 7. Be2 Ne7 8. h4 h6
9. h5 g5 10. Nd2 f5 11. Nf1 a5 12. Ng3 f4 13. Nf1 b6 14. Bg4 Bxg4 15. Qxg4 Qd7
16. Qxd7+ Nxd7 17. Nb5 Rc8 18. f3 Nc5 19. Ke2 Kd7 20. Bd2 Ra8 21. b3 Ng8 22.
Bc3 Nf6 23. g4 Rhb8 24. Nd2 Ng8 25. Rhd1 Ne7 26. Nb1 Nc8 27. N1a3 Bf6 28. Be1
Na7 29. Bf2 Nxb5 30. Nxb5 Bd8 31. Rd2 Ra6 32. Kd1 Rba8 33. Kc2 Kc8 34. Rdd1 Kb7
35. Be1 Be7 36. Bc3 Bd8 37. a3 Be7 38. b4 axb4 39. Bxb4 Na4 40. Kb3 Kc8 41. Rd2
Kb7 42. Rd3 Kc8 43. Kc2 Kb7 44. Rb3 Kc8 45. Kd3 Kd7 46. Nc3 Nxc3 47. Bxc3 Ra4
48. Bb2 Kc8 49. Kc3 Kd7 50. Rb4 Rxb4 51. Kxb4 c5+ 52. dxc6+ Kxc6 53. Kb3 Bd8
54. Bc3 Bc7 55. Bb4 Ra6 1/2-1/2

[Event "ChessOrg-Schachfestival 2022-Senioren"]
[Site "Bad Woerishofen"]
[Date "2022.03.13"]
[Round "3.3"]
[White "Pfitzer, Norbert"]
[Black "Babar, Michael"]
[Result "0-1"]
[WhiteElo "2026"]
[BlackElo "2151"]
[PlyCount "40"]
[EventDate "2022.??.??"]
[WhiteTeam "SV Backnang"]
[BlackTeam "SC Hansa Dortmund e.V."]

1. Nf3 Nf6 2. d4 c5 3. c3 b6 4. g3 Bb7 5. Bg2 e6 6. O-O Be7 7. Nbd2 O-O 8. Qc2
d5 9. dxc5 bxc5 10. Rd1 Qc7 11. Ng5 h6 12. Nh3 Nc6 13. e4 Rfd8 14. exd5 Nxd5
15. Nc4 Bf6 16. Nf4 Nb6 17. Ne3 Ne5 18. Nd3 Bxg2 19. Nxg2 Qd7 20. Ngf4 c4 0-1

[Event "ChessOrg-Schachfestival 2022-Senioren"]
[Site "Bad Woerishofen"]
[Date "2022.03.13"]
[Round "3.4"]
[White "Kierzek, Mira"]
[Black "Mueller, Erich"]
[Result "0-1"]
[WhiteElo "1984"]
[BlackElo "2138"]
[PlyCount "88"]
[EventDate "2022.??.??"]
[WhiteTeam "SC Fulda"]
[BlackTeam "SK 1962 Ladenburg"]

1. Nf3 Nf6 2. c4 e6 3. Nc3 d5 4. d4 Nbd7 5. Bg5 Be7 6. e3 b6 7. cxd5 exd5 8.
Bd3 Bb7 9. O-O Ne4 10. Bxe7 Qxe7 11. Rc1 O-O 12. Re1 c5 13. Bb1 Rac8 14. h3
Rfd8 15. Qb3 Ndf6 16. Qa3 Ba8 17. Qb3 c4 18. Qc2 g6 19. Nd2 Nxc3 20. bxc3 b5
21. Qb2 Rb8 22. a3 a5 23. f3 b4 24. axb4 axb4 25. e4 bxc3 26. Qxc3 Qa7 27. e5
Nh5 28. e6 Re8 29. exf7+ Qxf7 30. Bc2 Nf4 31. Ba4 Ne2+ 32. Rxe2 Rxe2 33. Rb1
Rxb1+ 34. Nxb1 Qe7 35. Na3 Re1+ 36. Kf2 Qe2+ 37. Kg3 Rf1 38. Kf4 Qxg2 39. Ke5
Qg3+ 40. Ke6 Re1+ 41. Kd7 Qxh3+ 42. Kd8 Qh4+ 43. Kc8 Qe7 44. Bd7 Re3 0-1

[Event "ChessOrg-Schachfestival 2022-Senioren"]
[Site "Bad Woerishofen"]
[Date "2022.03.13"]
[Round "3.5"]
[White "Daeubler, Heinrich"]
[Black "Halli, Gerhard"]
[Result "1/2-1/2"]
[WhiteElo "2136"]
[BlackElo "1968"]
[PlyCount "88"]
[EventDate "2022.??.??"]
[WhiteTeam "SC Haselmuehl"]
[BlackTeam "SK 1947 Sandhausen e.V."]

1. d4 Nf6 2. c4 e5 3. dxe5 Ng4 4. e4 Nxe5 5. f4 Bb4+ 6. Bd2 Bxd2+ 7. Qxd2 Ng6
8. Nc3 Nc6 9. Nf3 d6 10. O-O-O Bd7 11. Bd3 Nh4 12. Nxh4 Qxh4 13. g3 Qh6 14. Be2
O-O-O 15. Bf3 Rhg8 16. h4 f5 17. Rhe1 Rge8 18. Qf2 Kb8 19. Kb1 fxe4 20. Nxe4
Qg6 21. Ka1 Bg4 22. Bxg4 Qxg4 23. Nc3 a6 24. Nd5 Na5 25. Ne3 Qd7 26. b3 Qf7 27.
Nd5 Nc6 28. Rd2 Rxe1+ 29. Qxe1 Re8 30. Re2 Rxe2 31. Qxe2 Kc8 32. Kb2 g6 33. Qe4
h5 34. Kc3 a5 35. a3 Kd7 36. Kd3 b6 37. Ke3 Nd8 38. Qd4 Ne6 39. Qh8 Nc5 40. Qc3
Qe6+ 41. Kf3 Qg4+ 42. Kg2 Qe2+ 43. Kh3 Qf1+ 44. Kh2 Qe2+ 1/2-1/2

[Event "ChessOrg-Schachfestival 2022-Senioren"]
[Site "Bad Woerishofen"]
[Date "2022.03.13"]
[Round "3.6"]
[White "Waltenberger, Udo"]
[Black "Schatz, Christian"]
[Result "1/2-1/2"]
[WhiteElo "1977"]
[BlackElo "2122"]
[PlyCount "30"]
[EventDate "2022.??.??"]
[WhiteTeam "SV Eiche Reichenbrand"]
[BlackTeam "SC Postbauer-Heng e.V"]

1. Nf3 Nf6 2. g3 b6 3. Bg2 Bb7 4. c4 c5 5. O-O e6 6. Nc3 Be7 7. d4 cxd4 8. Qxd4
O-O 9. Rd1 d6 10. b3 a6 11. Bb2 Nbd7 12. e4 Qc7 13. Rac1 Rac8 14. Qe3 Rfe8 15.
Nd4 Bf8 1/2-1/2

[Event "ChessOrg-Schachfestival 2022-Senioren"]
[Site "Bad Woerishofen"]
[Date "2022.03.13"]
[Round "3.7"]
[White "Okrajek, Alexander"]
[Black "Walther, Reinhard"]
[Result "1/2-1/2"]
[WhiteElo "2120"]
[BlackElo "1945"]
[PlyCount "27"]
[EventDate "2022.??.??"]
[WhiteTeam "SC-Siegburg"]
[BlackTeam "SK 1911 Herzogenaurach e.V."]

1. c4 c6 2. Nf3 Nf6 3. Nc3 d5 4. cxd5 cxd5 5. d4 Nc6 6. g3 Bf5 7. Bg2 e6 8. O-O
Bd6 9. Bf4 Bxf4 10. gxf4 Ne4 11. e3 Rc8 12. Rc1 O-O 13. Qe2 Qe7 14. Nxe4
1/2-1/2

[Event "ChessOrg-Schachfestival 2022-Senioren"]
[Site "Bad Woerishofen"]
[Date "2022.03.13"]
[Round "3.8"]
[White "Bjorgvik, Jan Arne"]
[Black "Rubke, Manfred"]
[Result "0-1"]
[WhiteElo "1771"]
[BlackElo "2095"]
[PlyCount "58"]
[EventDate "2022.??.??"]
[WhiteTeam "Direktmitglied NSF"]
[BlackTeam "TSV Haunstetten"]

1. e4 c6 2. d4 d6 3. Nf3 Bg4 4. Bc4 e6 5. O-O Nf6 6. h3 Bh5 7. Bg5 Be7 8. Bxf6
Bxf6 9. c3 Nd7 10. d5 cxd5 11. exd5 e5 12. Be2 Bg6 13. Re1 O-O 14. Bd3 Bxd3 15.
Qxd3 Be7 16. b4 f5 17. Qe2 Bf6 18. Rd1 a5 19. Qb5 axb4 20. Qxb4 Nc5 21. Qc4 Ra4
22. Qb5 Ra5 23. Qb4 Ra4 24. Qb5 Qc7 25. Nbd2 Rfa8 26. Qb2 Nd3 27. Qb5 e4 28.
Nd4 Bxd4 29. cxd4 Rb4 0-1

[Event "ChessOrg-Schachfestival 2022-Senioren"]
[Site "Bad Woerishofen"]
[Date "2022.03.13"]
[Round "3.9"]
[White "Pruefer, Friedbert"]
[Black "Schmieder, Siegfried"]
[Result "1-0"]
[WhiteElo "2227"]
[BlackElo "1904"]
[PlyCount "43"]
[EventDate "2022.??.??"]
[WhiteTeam "TSG 1861 Taucha"]

1. d4 f5 2. e4 fxe4 3. Nc3 Nf6 4. Bg5 g6 5. h4 d5 6. h5 Bg4 7. Be2 gxh5 8. Bxf6
exf6 9. Bxg4 hxg4 10. Qxg4 c6 11. f3 Qd7 12. Qh5+ Kd8 13. fxe4 Bb4 14. O-O-O
Bxc3 15. bxc3 dxe4 16. d5 c5 17. Ne2 Qd6 18. Rh4 Nd7 19. Rxe4 Ne5 20. Nf4 Ke7
21. Nd3 Rag8 22. Nxe5 1-0

[Event "ChessOrg-Schachfestival 2022-Senioren"]
[Site "Bad Woerishofen"]
[Date "2022.03.13"]
[Round "3.10"]
[White "Neubauer, Bernd"]
[Black "Stern, Geoffrey"]
[Result "1-0"]
[WhiteElo "2141"]
[BlackElo "1930"]
[PlyCount "111"]
[EventDate "2022.??.??"]
[WhiteTeam "ESV 1949 Eberswalde e.V."]
[BlackTeam "Gambit Bonnevoie"]

1. e4 e6 2. d4 d5 3. e5 c5 4. c3 Nc6 5. Nf3 Bd7 6. a3 c4 7. Nbd2 Na5 8. g3 Bc6
9. Bh3 Qd7 10. O-O Ba4 11. Qe2 Be7 12. Ne1 h5 13. Ndf3 Nb3 14. Rb1 Nxc1 15.
Rxc1 O-O-O 16. Nd2 g5 17. f3 Kb8 18. Rf2 Nh6 19. Nf1 Nf5 20. Ne3 Nxe3 21. Qxe3
Rhg8 22. Qe2 h4 23. gxh4 gxh4+ 24. Ng2 Rg6 25. f4 Rg7 26. f5 exf5 27. Bxf5 Qc7
28. Rcf1 Rdg8 29. Kh1 Bg5 30. Qf3 Bd7 31. Qh3 Bxf5 32. Qxf5 Qe7 33. Nf4 Bxf4
34. Rxf4 Rg5 35. Qxf7 Qxf7 36. Rxf7 h3 37. Rf8+ Kc7 38. R1f7+ Kc6 39. Rxg8 Rxg8
40. Rh7 Rg2 41. Rxh3 Rxb2 42. Rf3 Kd7 43. h4 Ke7 44. h5 Rb6 45. Kg2 Rh6 46. Rh3
Ke6 47. Kg3 Kf5 48. Kh4 Kf4 49. Rh1 b5 50. Rf1+ Ke4 51. Kg5 Rh8 52. h6 Rg8+ 53.
Kh5 Rg3 54. e6 Re3 55. Rf6 Kd3 56. h7 1-0

[Event "ChessOrg-Schachfestival 2022-Senioren"]
[Site "Bad Woerishofen"]
[Date "2022.03.13"]
[Round "3.11"]
[White "Schwis, Joachim"]
[Black "Lange, Manfred"]
[Result "0-1"]
[WhiteElo "1931"]
[BlackElo "2028"]
[PlyCount "96"]
[EventDate "2022.??.??"]
[WhiteTeam "SK Suelz-Klettenberg"]
[BlackTeam "SV Wuerzburg von 1865 e.V."]

1. c4 c5 2. Nc3 Nc6 3. g3 g6 4. Bg2 Bg7 5. d3 d6 6. Bd2 Nf6 7. a3 O-O 8. Rb1 a5
9. Nf3 Bg4 10. Nd5 Nxd5 11. cxd5 Nd4 12. Nxd4 cxd4 13. h3 Bd7 14. O-O a4 15.
Kh2 Qb6 16. b3 Qa7 17. b4 b5 18. Qc1 Rfc8 19. Qb2 Rc7 20. Rfc1 Rac8 21. Rxc7
Rxc7 22. Rc1 Rc3 23. Bxc3 dxc3 24. Qc2 Qxf2 25. e4 Qe3 26. Rf1 Be5 27. Qf2 Qxf2
28. Rxf2 h5 29. Bf3 h4 30. Rc2 hxg3+ 31. Kg2 Kg7 32. d4 Bxd4 33. Kxg3 Be5+ 34.
Kg2 Kh6 35. Bg4 f5 36. exf5 gxf5 37. Bd1 Kg5 38. Bf3 Kh4 39. Rc1 f4 40. Bg4
Bxg4 41. hxg4 Kxg4 42. Kf2 Bd4+ 43. Ke2 f3+ 44. Kd3 Be5 45. Rg1+ Kf4 46. Rg8 f2
47. Ke2 Ke4 48. Kxf2 Kd3 0-1

[Event "ChessOrg-Schachfestival 2022-Senioren"]
[Site "Bad Woerishofen"]
[Date "2022.03.13"]
[Round "3.12"]
[White "Kainz, Josef"]
[Black "Ganslmayer, Anton"]
[Result "1-0"]
[WhiteElo "1992"]
[BlackElo "1830"]
[PlyCount "93"]
[EventDate "2022.??.??"]
[WhiteTeam "Gratwein"]
[BlackTeam "SC Wangen"]

1. d4 Nf6 2. c4 e6 3. g3 d5 4. Nf3 Bb4+ 5. Bd2 Bxd2+ 6. Nbxd2 O-O 7. Bg2 Nbd7
8. O-O c6 9. Qc2 Re8 10. Rfd1 Qc7 11. Rac1 Qb8 12. e4 dxe4 13. Nxe4 Nxe4 14.
Qxe4 Qd6 15. Qc2 Qe7 16. h4 Qf6 17. Ng5 Qh6 18. d5 exd5 19. cxd5 c5 20. Re1 Nf6
21. Rxe8+ Nxe8 22. Qxc5 Qd6 23. b4 Bf5 24. Re1 Qg6 25. Qxa7 Qa6 26. Qxa6 bxa6
27. Be4 Bxe4 28. Nxe4 Kf8 29. Nc5 Ra7 30. a4 Nd6 31. Kg2 Nc4 32. Rc1 Nd6 33.
Kf3 Ke7 34. Ne4 Rb7 35. Rb1 Nc4 36. Ke2 Na3 37. Rb2 Nc4 38. Rb3 Na5 39. Rb1 Nc4
40. Kd3 Ne5+ 41. Kd4 Nd7 42. Nc5 Rb6 43. Nxd7 Kxd7 44. Kc5 Rb8 45. b5 Rc8+ 46.
Kb6 Rc4 47. bxa6 1-0

[Event "ChessOrg-Schachfestival 2022-Senioren"]
[Site "Bad Woerishofen"]
[Date "2022.03.13"]
[Round "3.13"]
[White "Aigner, Georg"]
[Black "Matzat, Andre"]
[Result "0-1"]
[WhiteElo "1809"]
[BlackElo "1991"]
[PlyCount "110"]
[EventDate "2022.??.??"]
[WhiteTeam "SC Taufkirchen"]
[BlackTeam "Oberhausener SV 1887 e.V."]

1. e4 c5 2. Nf3 e6 3. c3 Nf6 4. e5 Nd5 5. d4 cxd4 6. cxd4 b6 7. Bc4 Ba6 8. Bxa6
Nxa6 9. Bd2 Be7 10. O-O O-O 11. a3 d6 12. Nc3 Nxc3 13. Bxc3 Nc7 14. Nd2 dxe5
15. dxe5 Qd3 16. Qf3 Qxf3 17. Nxf3 Nd5 18. Rac1 Rac8 19. Bd2 h6 20. Rxc8 Rxc8
21. Rc1 Rxc1+ 22. Bxc1 b5 23. Kf1 Bc5 24. Ke2 Kh7 25. Nd2 Nf4+ 26. Kf3 Nd3 27.
Ne4 Bd4 28. Be3 Nxe5+ 29. Ke2 Bxb2 30. Nd6 a6 31. f4 Nc4 32. Nxf7 Kg6 33. Nd8
Kf6 34. g4 Nxe3 35. Kxe3 Bxa3 36. Ke4 Bc1 37. Nc6 Bd2 38. h4 Bc3 39. g5+ Kf7
40. h5 g6 41. hxg6+ Kxg6 42. gxh6 Bf6 43. Ne5+ Kxh6 44. Nd3 a5 45. Nc5 a4 46.
f5 exf5+ 47. Kxf5 Bb2 48. Ke4 a3 49. Nb3 b4 50. Kd3 a2 51. Kc4 Bc3 52. Kb5 Kg5
53. Ka4 Kf4 54. Na1 Bxa1 55. Kxb4 Bf6 0-1

[Event "ChessOrg-Schachfestival 2022-Senioren"]
[Site "Bad Woerishofen"]
[Date "2022.03.13"]
[Round "3.14"]
[White "Vonach, Bernhard"]
[Black "Mueller, Thomas"]
[Result "1/2-1/2"]
[WhiteElo "1824"]
[BlackElo "1980"]
[PlyCount "99"]
[EventDate "2022.??.??"]
[WhiteTeam "SF Windach"]
[BlackTeam "SV Schoemberg"]

1. Nf3 g6 2. d4 Nf6 3. e3 Bg7 4. c4 d6 5. Bd3 Nbd7 6. Nc3 O-O 7. O-O e5 8. Qc2
Ng4 9. h3 Nh6 10. b4 f5 11. e4 f4 12. dxe5 dxe5 13. Bb2 g5 14. c5 g4 15. hxg4
Nxg4 16. Bc4+ Kh8 17. Be6 Ndf6 18. Rfd1 Qe8 19. Bxc8 Rxc8 20. Kf1 b6 21. Rd2
Qe7 22. a4 bxc5 23. bxc5 Qxc5 24. Nb5 Qxc2 25. Rxc2 Nxe4 26. Nxa7 Ra8 27. Nc6
Rfe8 28. a5 Nd6 29. Re1 e4 30. Bxg7+ Kxg7 31. Ng5 e3 32. f3 Ne5 33. Nxe5 Rxe5
34. Rxc7+ Kg6 35. Nh3 Nf5 36. Nxf4+ Kh6 37. Rc6+ Kg7 38. a6 Nd4 39. Rc7+ Kh6
40. a7 Nb5 41. Rb7 Rxa7 42. Rxa7 Nxa7 43. g3 Nb5 44. Ng2 Nd4 45. Nxe3 Ra5 46.
Ng4+ Kg6 47. Ne5+ Kf5 48. f4 Ra2 49. Re3 h5 50. Nf3 1/2-1/2

[Event "ChessOrg-Schachfestival 2022-Senioren"]
[Site "Bad Woerishofen"]
[Date "2022.03.13"]
[Round "3.15"]
[White "Seifert, Werner"]
[Black "Klein, Gerhard"]
[Result "1/2-1/2"]
[WhiteElo "1958"]
[BlackElo "1771"]
[PlyCount "36"]
[EventDate "2022.??.??"]
[WhiteTeam "SC Groebenzell"]
[BlackTeam "Sfr.Konz-Karthaus"]

1. e4 e6 2. d4 d5 3. e5 c5 4. c3 Bd7 5. Nf3 Nc6 6. Bd3 Qb6 7. dxc5 Bxc5 8. Qe2
O-O-O 9. b4 Be7 10. Nbd2 f6 11. O-O Nxe5 12. Nxe5 fxe5 13. Qxe5 Bf6 14. Qe2
Bxc3 15. Rb1 e5 16. Bb2 Bxb2 17. Rxb2 e4 18. Bb1 Kb8 1/2-1/2

[Event "ChessOrg-Schachfestival 2022-Senioren"]
[Site "Bad Woerishofen"]
[Date "2022.03.13"]
[Round "3.16"]
[White "Krueger, Norbert"]
[Black "Desoye, Gernot"]
[Result "1-0"]
[WhiteElo "1946"]
[BlackElo "1776"]
[PlyCount "79"]
[EventDate "2022.??.??"]
[WhiteTeam "Ratinger SK 1950"]

1. e4 c5 2. c3 d5 3. exd5 Nf6 4. d4 Nxd5 5. Nf3 e6 6. Bd3 cxd4 7. cxd4 Bb4+ 8.
Bd2 Bxd2+ 9. Qxd2 O-O 10. O-O Nc6 11. a3 b6 12. Bxh7+ Kxh7 13. Qc2+ Kg8 14.
Qxc6 Ba6 15. Re1 Qe7 16. Qa4 Bb7 17. Nbd2 Rfc8 18. Rac1 a6 19. Qb3 Qd8 20. Qd3
Nf4 21. Qe3 Ng6 22. Qg5 Qd5 23. Qxd5 Bxd5 24. g3 Ne7 25. Rc3 Nc6 26. Rec1 Ne7
27. Rxc8+ Rxc8 28. Rxc8+ Nxc8 29. Kf1 Kf8 30. Ke2 Ke7 31. h4 Nd6 32. Kd3 f6 33.
Ng1 Kf7 34. Ne2 b5 35. Nc3 Bc6 36. Nce4 Nxe4 37. Nxe4 Kg6 38. b4 Bb7 39. Nc5
Bc8 40. Ke4 1-0

[Event "ChessOrg-Schachfestival 2022-Senioren"]
[Site "Bad Woerishofen"]
[Date "2022.03.13"]
[Round "3.17"]
[White "Flockerzi, Armin"]
[Black "Goris, Ton"]
[Result "1/2-1/2"]
[WhiteElo "1761"]
[BlackElo "1952"]
[PlyCount "57"]
[EventDate "2022.??.??"]
[WhiteTeam "VfR-SC Koblenz"]

1. Nf3 e6 2. d4 c5 3. e3 Nf6 4. c3 d5 5. Be2 Nc6 6. Nbd2 Bd6 7. dxc5 Bxc5 8. b3
O-O 9. Bb2 Qe7 10. O-O Ba3 11. Bxa3 Qxa3 12. Qc1 Qe7 13. Qb2 b6 14. Rac1 Bb7
15. Rfe1 Rac8 16. Bd3 Rfd8 17. Bf1 Rc7 18. g3 h6 19. Bg2 Rcd7 20. a3 Qd6 21.
Bf1 Ne4 22. Nd4 Nxd4 23. cxd4 Nxd2 24. Qxd2 Bc6 25. b4 Rc7 26. b5 Bb7 27. Rxc7
Qxc7 28. Rc1 Qd7 29. Bd3 1/2-1/2

[Event "ChessOrg-Schachfestival 2022-Senioren"]
[Site "Bad Woerishofen"]
[Date "2022.03.13"]
[Round "3.18"]
[White "Plischke, Berthold"]
[Black "Strohbusch, Frank"]
[Result "0-1"]
[WhiteElo "1929"]
[BlackElo "1762"]
[PlyCount "62"]
[EventDate "2022.??.??"]
[WhiteTeam "SV Wesel 1928 e.V."]
[BlackTeam "SK Freising"]

1. e4 e6 2. d4 d5 3. Nc3 Bb4 4. e5 c5 5. a3 Bxc3+ 6. bxc3 Qc7 7. Qg4 f5 8. Qg3
Nc6 9. Nf3 Nge7 10. Qxg7 Rg8 11. Qxh7 cxd4 12. Bg5 Bd7 13. Bb5 Rxg5 14. Nxg5
Qxe5+ 15. Kf1 Qf6 16. Qh5+ Ng6 17. Bxc6 bxc6 18. cxd4 O-O-O 19. Nf3 c5 20. Rc1
Bb5+ 21. Kg1 Nf4 22. Qh7 Ne2+ 23. Kf1 Nxc1+ 24. Ke1 Rd7 25. Qg8+ Kb7 26. h4
cxd4 27. Kd2 Nb3+ 28. cxb3 d3 29. Rb1 Rc7 30. Ne1 Qc3+ 31. Kd1 d2 0-1

[Event "ChessOrg-Schachfestival 2022-Senioren"]
[Site "Bad Woerishofen"]
[Date "2022.03.13"]
[Round "3.19"]
[White "Leser, Alfred"]
[Black "McAndrew, Robert"]
[Result "1/2-1/2"]
[WhiteElo "1736"]
[BlackElo "1927"]
[PlyCount "55"]
[EventDate "2022.??.??"]
[WhiteTeam "Schachfreunde Mengen"]
[BlackTeam "Gambit Bonnevoie"]

1. d4 Nf6 2. Bf4 g6 3. Nf3 Bg7 4. e3 c5 5. c3 O-O 6. Be2 d6 7. O-O Nbd7 8. h3
Re8 9. Bh2 b6 10. Nbd2 Bb7 11. Rc1 Ne4 12. Nxe4 Bxe4 13. Nd2 Bb7 14. Qb3 Qc7
15. Bf3 Rac8 16. Bxb7 Qxb7 17. Nf3 Bh6 18. Rcd1 a5 19. a4 c4 20. Qb5 e5 21. Rb1
f5 22. h4 Qc6 23. Ng5 Qxb5 24. axb5 Bg7 25. Rfd1 h6 26. Nh3 Nf8 27. f3 Bf6 28.
Bg3 1/2-1/2

[Event "ChessOrg-Schachfestival 2022-Senioren"]
[Site "Bad Woerishofen"]
[Date "2022.03.13"]
[Round "3.20"]
[White "Zoll, Detlef"]
[Black "Harke, Horst"]
[Result "1-0"]
[WhiteElo "1914"]
[BlackElo "1757"]
[PlyCount "91"]
[EventDate "2022.??.??"]
[WhiteTeam "ESV 1949 Eberswalde e.V."]

1. d4 d5 2. Nc3 c6 3. e4 dxe4 4. Nxe4 Nf6 5. Ng3 e6 6. Nf3 Be7 7. Bd3 Na6 8. c3
Nc7 9. O-O O-O 10. Qe2 c5 11. dxc5 Bxc5 12. Bg5 Be7 13. Rad1 Qe8 14. Ne5 Nd7
15. Bxe7 Qxe7 16. Nxd7 Bxd7 17. Bxh7+ Kxh7 18. Qd3+ Kg8 19. Qxd7 Qxd7 20. Rxd7
Rac8 21. Rfd1 Rfe8 22. Ne4 Nb5 23. Rxb7 Red8 24. Rbd7 Rxd7 25. Rxd7 Rc7 26.
Rxc7 Nxc7 27. Kf1 f5 28. Nc5 Kf7 29. f4 Ke7 30. Ke2 Kd6 31. Nd3 Nd5 32. g3 Nf6
33. Nf2 e5 34. fxe5+ Kxe5 35. Nd3+ Ke4 36. Nf2+ Kd5 37. Ke3 g5 38. h3 Kc4 39.
h4 Nd5+ 40. Kd2 f4 41. gxf4 gxh4 42. f5 Nf6 43. Ke3 Kd5 44. Kf4 h3 45. Nxh3 Kc4
46. Nf2 1-0

[Event "ChessOrg-Schachfestival 2022-Senioren"]
[Site "Bad Woerishofen"]
[Date "2022.03.13"]
[Round "3.21"]
[White "Sakowski, Christian"]
[Black "Harsch, Martin"]
[Result "1/2-1/2"]
[WhiteElo "1745"]
[BlackElo "1908"]
[PlyCount "42"]
[EventDate "2022.??.??"]
[WhiteTeam "Schachclub Muelheim 08/25 e.V."]

1. d4 d5 2. Nf3 Nf6 3. Bf4 c5 4. c3 Qb6 5. Qb3 c4 6. Qxb6 axb6 7. Bxb8 Rxb8 8.
g3 h6 9. Bg2 Bf5 10. O-O e6 11. Nbd2 Bd6 12. Rfe1 Ne4 13. Nxe4 Bxe4 14. Nd2
Bxg2 15. Kxg2 Kd7 16. e4 b5 17. exd5 exd5 18. a3 Rhe8 19. Nf1 Re6 20. Ne3 Rbe8
21. Kf1 Kc6 1/2-1/2

[Event "ChessOrg-Schachfestival 2022-Senioren"]
[Site "Bad Woerishofen"]
[Date "2022.03.13"]
[Round "3.22"]
[White "Cordsen, Heinrich"]
[Black "Bachmann, Rolf"]
[Result "1/2-1/2"]
[WhiteElo "1732"]
[BlackElo "1896"]
[PlyCount "31"]
[EventDate "2022.??.??"]
[WhiteTeam "SK Varel"]
[BlackTeam "Hsg Hamm"]

1. e4 c5 2. f4 g6 3. Nf3 Bg7 4. Nc3 Nc6 5. Bb5 a6 6. Bxc6 bxc6 7. O-O e6 8. d3
Rb8 9. e5 d5 10. Rb1 Nh6 11. Na4 Qe7 12. c4 Qa7 13. b3 Bf8 14. Ba3 Nf5 15. Qd2
a5 16. Kh1 1/2-1/2

[Event "ChessOrg-Schachfestival 2022-Senioren"]
[Site "Bad Woerishofen"]
[Date "2022.03.13"]
[Round "3.23"]
[White "Trefzer, Erhard"]
[Black "Kurpiela, Franz"]
[Result "1/2-1/2"]
[WhiteElo "1896"]
[BlackElo "1748"]
[PlyCount "122"]
[EventDate "2022.??.??"]
[WhiteTeam "SV Besigheim"]
[BlackTeam "TSG OEhringen"]

1. Nf3 Nf6 2. c4 e6 3. g3 d5 4. Bg2 Bd7 5. cxd5 exd5 6. O-O Bc5 7. d4 Bb6 8.
Nc3 O-O 9. Bg5 c6 10. e4 dxe4 11. Nxe4 Bg4 12. Nxf6+ gxf6 13. Be3 Na6 14. h3
Bh5 15. g4 Bg6 16. Nh4 Nc7 17. Qd2 Re8 18. a3 Nd5 19. Bh6 Qd6 20. Rfe1 Ne7 21.
Rad1 Rad8 22. Nf3 Nd5 23. Rxe8+ Rxe8 24. Re1 Rxe1+ 25. Qxe1 Qe6 26. Qd2 Be4 27.
Be3 f5 28. Ng5 Qg6 29. Nxe4 fxe4 30. Qc2 f5 31. gxf5 Qxf5 32. Qxe4 Qxe4 33.
Bxe4 Nf6 34. Bf3 Kf7 35. Kf1 Ke6 36. Ke2 Kd6 37. Bf4+ Ke6 38. Kd3 Kf5 39. Bd2
h5 40. b4 Bc7 41. b5 cxb5 42. Bxb7 Bd6 43. Bc1 Ne8 44. Bc8+ Kf6 45. Ke4 Nc7 46.
Bb2 Ke7 47. f4 a5 48. f5 a4 49. d5 b4 50. axb4 Bxb4 51. f6+ Kf7 52. Kf5 a3 53.
Be6+ Kf8 54. Be5 Nb5 55. f7 a2 56. d6 Bxd6 57. Bxa2 Bxe5 58. Kxe5 h4 59. Kf6
Nc3 60. Bc4 Ne4+ 61. Ke5 Ng5 1/2-1/2

[Event "ChessOrg-Schachfestival 2022-Senioren"]
[Site "Bad Woerishofen"]
[Date "2022.03.13"]
[Round "3.24"]
[White "Rothenhagen, Siegfried"]
[Black "Christen, Pierre"]
[Result "0-1"]
[WhiteElo "1723"]
[BlackElo "1827"]
[PlyCount "86"]
[EventDate "2022.??.??"]
[WhiteTeam "SC Ammersee"]
[BlackTeam "SG Trier"]

1. d4 d5 2. Bf4 Nf6 3. e3 c6 4. c3 Bg4 5. Be2 Bxe2 6. Qxe2 e6 7. Nd2 Bd6 8.
Bxd6 Qxd6 9. Ngf3 Nbd7 10. O-O O-O 11. Rfe1 Ne4 12. Rad1 a5 13. Nxe4 dxe4 14.
Nd2 f5 15. f4 b5 16. g4 a4 17. a3 Rab8 18. g5 Rfd8 19. h4 Qe7 20. Qh5 c5 21.
Nf1 b4 22. cxb4 cxb4 23. axb4 Rxb4 24. Ra1 Nb6 25. Reb1 Rc8 26. Qe2 Nd5 27. Rc1
Rcb8 28. Rc2 Qd7 29. Rac1 R4b7 30. Kg2 Nb4 31. Rd2 Nd3 32. Rcc2 Qb5 33. Ng3
Nxb2 34. Qh5 a3 35. Rc5 Qe8 36. Rdc2 Nd3 37. Qxe8+ Rxe8 38. Rc8 Rb8 39. Rxe8+
Rxe8 40. Ra2 Ra8 41. Nf1 Nb4 42. Ra1 a2 43. Nd2 Nc2 0-1